[Event "Poznan op 27th"]
[Site "Poznan"]
[Date "2019.08.20"]
[Round "4"]
[White "Zurawski, Mateusz"]
[Black "Aleksandrowicz, Marek"]
[Result "0-1"]
[WhiteElo "1516"]
[BlackElo "1887"]
[PlyCount "70"]
[EventDate "2019.08.18"]
[EventType "swiss"]
[EventRounds "9"]
[EventCountry "POL"]
[SourceTitle "EXT 2020"]
[Source "ChessBase"]
[SourceDate "2019.10.17"]
[SourceVersion "1"]
[SourceVersionDate "2019.10.17"]
[SourceQuality "1"]

1. e4 c6 2. Nf3 d5 3. Nc3 Bg4 4. h3 Bxf3 5. Qxf3 Nf6 6. exd5 cxd5 7. Bb5+ Nc6 8. 0-0 e6 9. d3 Be7 10. Re1 0-0 11. Bxc6 bxc6 12. Bf4 Nd7 13. Qg3 Bf6 14. Rab1 Re8 15. Bc7 Qc8 16. Qd6 Re7 17. Qg3 e5 18. Bd6 Re6 19. Ba3 Qd8 20. Re2 Bh4 21. Qh2 Qa5 22. Rbe1 Rae8 23. Nd1 d4 24. Re4 Bg5 25. c3 f5 26. R4e2 e4 27. h4 Bf6 28. Bb4 Qb5 29. dxe4 d3 30. Re3 fxe4 31. f3 Qh5 32. g4 Qxh4 33. Qxh4 Bxh4 34. Nf2 Ne5 35. Kg2 Nxf3 0-1

[Event "Poznan op 26th"]
[Site "Poznan"]
[Date "2018.08.26"]
[Round "9"]
[White "Zurawski, Mateusz"]
[Black "Janicki, Rafal"]
[Result "1/2-1/2"]
[WhiteElo "1492"]
[BlackElo "1800"]
[PlyCount "86"]
[EventDate "2018.08.19"]
[EventType "swiss"]
[EventRounds "9"]
[EventCountry "POL"]
[SourceTitle "CBM 186 Extra"]
[Source "ChessBase"]
[SourceDate "2018.08.24"]
[SourceVersion "1"]
[SourceVersionDate "2018.08.24"]
[SourceQuality "1"]

1. e4 c5 2. Nf3 e6 3. b3 Nc6 4. Bb2 d6 5. Bb5 Bd7 6. 0-0 a6 7. Bxc6 Bxc6 8. Re1 Ne7 9. d3 Qc7 10. Nbd2 h6 11. a4 a5 12. Nc4 e5 13. Nfxe5 Rg8 14. Nxc6 Nxc6 15. e5 0-0-0 16. exd6 Bxd6 17. Nxd6+ Qxd6 18. Qg4+ Kb8 19. Qg3 Nd4 20. Bxd4 cxd4 21. Qxd6+ Rxd6 22. Re5 Rc8 23. Rc1 Rb6 24. Ree1 Rbc6 25. Re2 Rc3 26. g3 Rxb3 27. cxb3 Rxc1+ 28. Kg2 Rc3 29. Re7 Rxd3 30. Rxf7 Rxb3 31. Rxg7 Rb4 32. f4 Rxa4 33. f5 Ra2+ 34. Kf1 Ra1+ 35. Ke2 Ra2+ 36. Kf1 Ra3 37. Ke2 Re3+ 38. Kf2 Re5 39. g4 a4 40. f6 Re6 41. Rg6 Re4 42. Kf3 Re1 43. Kf2 Re4 1/2-1/2

[Event "Poznan op 26th"]
[Site "Poznan"]
[Date "2018.08.24"]
[Round "7"]
[White "Pawlowski, Rafal"]
[Black "Zurawski, Mateusz"]
[Result "1-0"]
[WhiteElo "1791"]
[BlackElo "1492"]
[PlyCount "83"]
[EventDate "2018.08.19"]
[EventType "swiss"]
[EventRounds "9"]
[EventCountry "POL"]
[SourceTitle "CBM 186 Extra"]
[Source "ChessBase"]
[SourceDate "2018.08.24"]
[SourceVersion "1"]
[SourceVersionDate "2018.08.24"]
[SourceQuality "1"]

1. d4 f5 2. Bg5 g6 3. Nc3 Bg7 4. e4 d6 5. Bb5+ c6 6. Be2 Nf6 7. e5 dxe5 8. dxe5 Nd5 9. Nxd5 Qxd5 10. Qxd5 cxd5 11. Nf3 Nc6 12. Bf4 h6 13. h4 Bd7 14. 0-0-0 e6 15. Rhe1 0-0-0 16. Kb1 Rdg8 17. Bb5 Ne7 18. Bxd7+ Kxd7 19. c4 Rc8 20. b3 Ke8 21. Nd4 Kf7 22. Nb5 Kg8 23. Nxa7 Rd8 24. c5 Nc6 25. Nxc6 bxc6 26. a3 Bf8 27. b4 Rb8 28. Kc2 Kf7 29. Be3 Be7 30. Rh1 g5 31. hxg5 hxg5 32. f3 Rbg8 33. a4 Ra8 34. a5 Rab8 35. Kc3 Kg7 36. Rxh8 Rxh8 37. a6 Ra8 38. b5 cxb5 39. Ra1 f4 40. Bd4 Kg6 41. Kb4 g4 42. a7 1-0

[Event "Poznan op 26th"]
[Site "Poznan"]
[Date "2018.08.19"]
[Round "2"]
[White "Zurawski, Mateusz"]
[Black "Kapustka, Oskar"]
[Result "1-0"]
[WhiteElo "1492"]
[BlackElo "1012"]
[PlyCount "93"]
[EventDate "2018.08.19"]
[EventType "swiss"]
[EventRounds "9"]
[EventCountry "POL"]
[SourceTitle "CBM 186 Extra"]
[Source "ChessBase"]
[SourceDate "2018.08.24"]
[SourceVersion "1"]
[SourceVersionDate "2018.08.24"]
[SourceQuality "1"]

1. e4 c5 2. Nf3 Nc6 3. d4 cxd4 4. Nxd4 d6 5. Nc3 Nf6 6. Bc4 e6 7. Nxc6 bxc6 8. e5 Nd5 9. exd6 Bxd6 10. Ne4 Be7 11. 0-0 0-0 12. Qg4 Kh8 13. Ng5 Nf6 14. Qf3 Qc7 15. Bf4 Bd6 16. Bxd6 Qxd6 17. Ne4 Nxe4 18. Qxe4 Bb7 19. Rad1 Qe7 20. Rfe1 Rad8 21. Bd3 g6 22. Qa4 Qc5 23. Re4 a6 24. Rde1 Rb8 25. b3 a5 26. Re5 Qc3 27. Qxa5 Qxa5 28. Rxa5 Ra8 29. Ree5 Rxa5 30. Rxa5 Ra8 31. Rxa8+ Bxa8 32. Kf1 Kg7 33. Ke2 Kf6 34. Ke3 Ke5 35. g3 c5 36. f4+ Kd6 37. Be4 Bd5 38. c4 f5 39. cxd5 fxe4 40. dxe6 Kxe6 41. Kxe4 Kd6 42. a4 Ke6 43. a5 Kd6 44. a6 Kc6 45. a7 Kb7 46. Kd5 Kxa7 47. Kxc5 1-0

[Event "Poznan op 25th"]
[Site "Poznan"]
[Date "2017.08.25"]
[Round "7"]
[White "Hoffmann, Kacper"]
[Black "Zurawski, Mateusz"]
[Result "0-1"]
[WhiteElo "1588"]
[BlackElo "1328"]
[PlyCount "67"]
[EventDate "2017.08.20"]
[EventType "swiss"]
[EventRounds "9"]
[EventCountry "POL"]
[SourceTitle "CBM 180 Extra"]
[Source "ChessBase"]
[SourceDate "2017.10.06"]
[SourceVersion "1"]
[SourceVersionDate "2017.10.06"]
[SourceQuality "1"]

1. d4 f5 2. c4 Nf6 3. e3 g6 4. Nf3 Bg7 5. Bd3 0-0 6. 0-0 d6 7. Nc3 Nc6 8. a3 e5 9. dxe5 dxe5 10. e4 f4 11. h3 h6 12. b4 g5 13. b5 Nd4 14. Nxd4 exd4 15. Nd5 Nxd5 16. exd5 f3 17. Be4 g4 18. hxg4 Bxg4 19. Qd3 Qh4 20. Bxf3 Bxf3 21. gxf3 Be5 22. Qg6+ Kh8 23. Qxh6+ Qxh6 24. Bxh6 Rg8+ 25. Kh1 Rg6 26. Rg1 Rxh6+ 27. Kg2 Rg8+ 28. Kf1 Rxg1+ 29. Kxg1 Rg6+ 30. Kf1 Rf6 31. Kg2 Kg7 32. Re1 Rg6+ 33. Kh3 Kf6 34. Re4 0-1

[Event "Poznan op 24th"]
[Site "Poznan"]
[Date "2016.08.15"]
[Round "9"]
[White "Zurawski, Mateusz"]
[Black "Gajewski, Zbigniew"]
[Result "1/2-1/2"]
[WhiteElo "1210"]
[BlackElo "1435"]
[PlyCount "38"]
[EventDate "2016.08.08"]
[EventType "swiss"]
[EventRounds "9"]
[EventCountry "POL"]
[SourceTitle "EXT 2017"]
[Source "ChessBase"]
[SourceDate "2016.10.25"]
[SourceVersion "1"]
[SourceVersionDate "2016.10.25"]
[SourceQuality "1"]

1. e4 g6 2. d4 d6 3. Nc3 Bg7 4. Be3 Nf6 5. f3 0-0 6. Qd2 e5 7. d5 Ne8 8. 0-0-0 f5 9. Bh6 Rf7 10. Bxg7 Nxg7 11. h4 Qf8 12. exf5 Bxf5 13. g4 Bxg4 14. fxg4 Rxf1 15. Nge2 Rxd1+ 16. Kxd1 Nd7 17. h5 Qf3 18. Rg1 gxh5 19. Qg5 Nf6 1/2-1/2